000 00511nam a2200169 i 4500
001 35971
003 ES-MaACL
005 20251005063035.0
007 t|
008 030214s1911 fr ||||1| fre d
100 1 _aBrenet, Michel,
_d1858-1918
_931583
245 1 0 _aMusique et musiciens de la vieille France /
_cpar Michel Brenet (seud).
260 _aParis :
_bFélix Alcan,
_c1911 (
_eEvreux :
_fCh. Herissey)
300 _a249 p. ;
_c18 cm.
852 _aES-MaACL
_jF-3348
999 _c35971
_d35971